000 00292 a2200157 4500
001 160723
020 _a
040 _cMagnum
100 _a-
240 1 0 _aO violino magico
_lpor
245 1 0 _aO violino magico
362 0 _a1899
440 1 _aFTD
697 _aIJ/CONTOS
942 _cBK
999 _c160723
_d160723